000 00288nam a22001217a 4500
008 171006b xxu||||| |||| 00| 0 eng d
041 _aeng
080 _a159.9
100 _a49
101 _aPSI
245 _aTHE PSYCHIATRIC CLINICS OF NORTH AMERICA
_cMARTIN.R.L
942 _2udc
_cBK
999 _c32383
_d32383